02010nam a22002057a 45000010005000000030006000050050017000110080041000280200018000690400029000870500015001160820008001311000027001392450086001662600038002523000058002905201374003486500048017227000034017707272FISKH20250707100216.0250707b cb ||||| |||| 00| 0 eng d a9780545620246 aFISKHbengcFISKHdFISKH aTH375 .H83 a690 aHudson, Cheryl Willis  aConstruction zone /cPhotographs by Richard Sobol ; Text by Cheryl Willis Hudson  aNew York : bScholastic, c2006.  a32 unnumbered pages : bcolor illustrations ; c26 cm aPut on your hard hat and step inside the construction zone: you're invited on a virtual tour of a building in progress. Put on your hard hat and step inside CONSTRUCTION ZONE! Caution! Construction zone ahead! Anyone who has ever stopped to watch a big building going up - and who hasn't? - will be thrilled by this behind-the-scenes look at an amazing construction project. Young readers are invited to come on a virtual tour of a building in progress, led by award-winning photographer Richard Sobol. It takes hundreds of workers, thousands of trucks and machines, and millions of nails and bolts to transform an idea on paper into an actual building in which people will live, play, shop, or work. Every single piece of the construction puzzle - big and small - must fit together flawlessly. With a clear, direct narrative and handy definitions of construction-related jobs, machines, and terms, Cheryl Willis Hudson distills this most complex of projects into language a young child can grasp. The building itself - the Stata Center at the Massachusetts Institute of Technology, designed by Pritzker Prize-winning architect Frank O. Gehry - is playful and colorful, sculpted to excite, delight, and surprise. Richard Sobol's vivid color photographs capture all the excitement of the busy construction site, while offering a close-up view of its breathtaking genius. aArchitecturevBuilding sites xConstruction aSobol, Richard eillustrator